[Event "CZE-chT2C 2223"]
[Site "Czech Republic"]
[Date "2022.11.06"]
[Round "2.2"]
[White "Kucera, Petr3333"]
[Black "Spacek, Petr"]
[Result "1/2-1/2"]
[WhiteElo "2263"]
[BlackElo "2293"]
[PlyCount "26"]
[EventDate "2022.10.16"]
[EventType "team-tourn"]
[EventRounds "11"]
[EventCountry "CZE"]
[SourceTitle "EXT 2024"]
[Source "ChessBase"]
[SourceDate "2023.10.10"]
[SourceVersion "1"]
[SourceVersionDate "2023.10.10"]
[SourceQuality "1"]
[WhiteTeam "Turnov Zikuda II"]
[BlackTeam "Lysa nad Labem"]
[WhiteTeamCountry "CZE"]
[BlackTeamCountry "CZE"]

1. d4 d5 2. Bf4 Nf6 3. e3 c5 4. c3 Nc6 5. Nd2 e6 6. Ngf3 Bd6 7. Bg3 0-0 8. Bd3 b6 9. Ne5 Qc7 10. f4 g6 11. Bf2 cxd4 12. exd4 Nh5 13. Be3 f6 1/2-1/2

[Event "CZE-chT1W 2122"]
[Site "Czech Republic"]
[Date "2022.01.23"]
[Round "7.5"]
[White "Spacek, Petr"]
[Black "Hollan, Martin"]
[Result "1/2-1/2"]
[WhiteElo "2321"]
[BlackElo "2356"]
[PlyCount "50"]
[EventDate "2021.10.10"]
[EventType "team-tourn"]
[EventRounds "11"]
[EventCountry "CZE"]
[SourceTitle "EXT 2023"]
[Source "ChessBase"]
[SourceDate "2022.10.05"]
[SourceVersion "1"]
[SourceVersionDate "2022.10.05"]
[SourceQuality "1"]
[WhiteTeam "Lysa nad Labem III"]
[BlackTeam "Praha Oaza"]
[WhiteTeamCountry "CZE"]
[BlackTeamCountry "CZE"]

1. d4 Nf6 2. c4 e6 3. Nf3 b6 4. g3 Ba6 5. b3 b5 6. cxb5 Bxb5 7. Nc3 Bc6 8. Bg2 Bb4 9. Bd2 0-0 10. 0-0 Bb7 11. Ne4 Bxe4 12. Bxb4 d6 13. Qd2 Nc6 14. Ba5 Bd5 15. Rfc1 Ne4 16. Qe1 Qf6 17. Bxc7 Rac8 18. Ba5 Nxd4 19. Nxd4 Qxd4 20. Bxe4 Qxe4 21. f3 Qe3+ 22. Kg2 Ba8 23. Qd2 Qxd2 24. Bxd2 Rfe8 25. Kf2 e5 1/2-1/2

[Event "CZE-chT1W 2122"]
[Site "Czech Republic"]
[Date "2021.11.14"]
[Round "3.5"]
[White "Jurek, Josef"]
[Black "Spacek, Petr"]
[Result "1/2-1/2"]
[WhiteElo "2208"]
[BlackElo "2321"]
[PlyCount "29"]
[EventDate "2021.10.10"]
[EventType "team-tourn"]
[EventRounds "11"]
[EventCountry "CZE"]
[SourceTitle "EXT 2023"]
[Source "ChessBase"]
[SourceDate "2022.10.05"]
[SourceVersion "1"]
[SourceVersionDate "2022.10.05"]
[SourceQuality "1"]
[WhiteTeam "Vysehrad SK Sokol"]
[BlackTeam "Lysa nad Labem III"]
[WhiteTeamCountry "CZE"]
[BlackTeamCountry "CZE"]

1. d4 d6 2. Nf3 Nf6 3. c4 c6 4. Nc3 Nbd7 5. g3 e5 6. Qc2 Be7 7. Bg2 0-0 8. 0-0 Re8 9. Rd1 Qc7 10. h3 a6 11. Be3 Nf8 12. c5 exd4 13. cxd6 Bxd6 14. Bxd4 N6d7 15. e4 1/2-1/2

[Event "EUR-chT Seniors 65"]
[Site "Prague"]
[Date "2021.09.01"]
[Round "3.4"]
[White "Hammar, Bengt Erik"]
[Black "Spacek, Petr"]
[Result "1/2-1/2"]
[WhiteElo "2130"]
[BlackElo "2318"]
[PlyCount "65"]
[EventDate "2021.08.30"]
[EventType "team-swiss"]
[EventRounds "9"]
[EventCountry "CZE"]
[SourceTitle "CBM 204 Extra"]
[Source "ChessBase"]
[SourceDate "2021.11.30"]
[SourceVersion "1"]
[SourceVersionDate "2021.11.30"]
[SourceQuality "1"]
[WhiteTeam "Sweden 65"]
[BlackTeam "Lysa nad Labem 65"]
[WhiteTeamCountry "SWE"]
[BlackTeamCountry "CZE"]

1. e4 g6 2. d4 Bg7 3. Nc3 c6 4. f4 d5 5. e5 Nh6 6. Nf3 f6 7. Bd3 Bg4 8. 0-0 0-0 9. h3 Bxf3 10. Rxf3 fxe5 11. fxe5 Nd7 12. Rxf8+ Nxf8 13. Ne2 Qb6 14. c3 Ne6 15. Qb3 Qxb3 16. axb3 a6 17. Nf4 Nxf4 18. Bxf4 e6 19. b4 Rf8 20. Rf1 Nf5 21. g4 Ne7 22. Bg5 Rxf1+ 23. Kxf1 Kf7 24. Ke2 Nc8 25. Bd2 Bf8 26. b3 Be7 27. Kf3 Kg7 28. Kg3 g5 29. Kf3 h6 30. c4 Na7 31. Ke2 Bd8 32. Kd1 b5 33. c5 1/2-1/2

[Event "CZE-chT1W 1920"]
[Site "Czech Republic"]
[Date "2020.02.16"]
[Round "8.1"]
[White "Spacek, Petr"]
[Black "Cuhra, Martin"]
[Result "1/2-1/2"]
[WhiteElo "2349"]
[BlackElo "2238"]
[PlyCount "86"]
[EventDate "2019.10.20"]
[EventType "team-tourn"]
[EventRounds "11"]
[EventCountry "CZE"]
[SourceTitle "CBM 195 Extra"]
[Source "ChessBase"]
[SourceDate "2020.05.31"]
[SourceVersion "1"]
[SourceVersionDate "2020.05.31"]
[SourceQuality "1"]
[WhiteTeam "Lysa nad Labem III"]
[BlackTeam "Praha Oaza"]
[WhiteTeamCountry "CZE"]
[BlackTeamCountry "CZE"]

1. d4 d5 2. c4 c6 3. Nf3 Nf6 4. e3 e6 5. Nbd2 Nbd7 6. Bd3 Bd6 7. 0-0 0-0 8. e4 e5 9. cxd5 cxd5 10. Re1 Qc7 11. exd5 exd4 12. Nc4 Nc5 13. Bf1 Bg4 14. Nxd6 Qxd6 15. Qxd4 Bxf3 16. gxf3 Ne6 17. Qe5 Qxd5 18. Qxd5 Nxd5 19. Be3 Rfd8 20. Red1 Nxe3 21. fxe3 Rxd1 22. Rxd1 Rd8 23. Rxd8+ Nxd8 24. Kf2 Kf8 25. f4 Ke7 26. Ke2 Kd6 27. Kd3 b6 28. b4 Ne6 29. Bg2 h6 30. h4 f6 31. h5 Nf8 32. Be4 Ne6 33. Bh7 Nd8 34. Kc4 Nc6 35. Kb5 Kc7 36. a3 Ne7 37. Be4 f5 38. Bg2 g6 39. hxg6 Nxg6 40. Bh3 Ne7 41. Kc4 Kd6 42. Kd4 Nc6+ 43. Kc4 Ne7 1/2-1/2

[Event "CZE-chT2C 1819"]
[Site "Czech Republic"]
[Date "2019.03.17"]
[Round "10.2"]
[White "Kucera, Petr3333"]
[Black "Spacek, Petr"]
[Result "1/2-1/2"]
[WhiteElo "2169"]
[BlackElo "2366"]
[PlyCount "45"]
[EventDate "2018.10.14"]
[EventType "team-tourn"]
[EventRounds "11"]
[EventCountry "CZE"]
[SourceTitle "EXT 2022"]
[Source "ChessBase"]
[SourceDate "2021.10.06"]
[SourceVersion "1"]
[SourceVersionDate "2021.10.06"]
[SourceQuality "1"]
[WhiteTeam "Liberec Desko"]
[BlackTeam "Lysa nad Labem III"]
[WhiteTeamCountry "CZE"]
[BlackTeamCountry "CZE"]

1. d4 Nf6 2. Nf3 d6 3. c4 c6 4. Nc3 Nbd7 5. e4 e5 6. Be2 Be7 7. 0-0 0-0 8. h3 a6 9. a4 a5 10. Be3 Qc7 11. Re1 Re8 12. Qc2 Nf8 13. Rad1 Ng6 14. Qb3 Nd7 15. Bf1 Nh4 16. Be2 h6 17. Qc2 Nxf3+ 18. Bxf3 Bf6 19. Qd2 Nb6 20. b3 Rd8 21. d5 Be7 22. Be2 Nd7 23. Bg4 1/2-1/2

[Event "CZE-chT1W 1819"]
[Site "Czech Republic"]
[Date "2019.02.17"]
[Round "8.3"]
[White "Rosko, Lubos"]
[Black "Spacek, Petr"]
[Result "1/2-1/2"]
[WhiteElo "2272"]
[BlackElo "2366"]
[PlyCount "29"]
[EventDate "2018.10.21"]
[EventType "team-tourn"]
[EventRounds "11"]
[EventCountry "CZE"]
[SourceTitle "CBM 189 Extra"]
[Source "ChessBase"]
[SourceDate "2019.06.03"]
[SourceVersion "1"]
[SourceVersionDate "2019.06.03"]
[SourceQuality "1"]
[WhiteTeam "Hradec Kralove"]
[BlackTeam "Lysa nad Labem III"]
[WhiteTeamCountry "CZE"]
[BlackTeamCountry "CZE"]

1. d4 d5 2. Nf3 Nf6 3. c4 e6 4. g3 dxc4 5. Bg2 c5 6. Qa4+ Nbd7 7. Qxc4 a6 8. Qc2 b6 9. Ne5 Nd5 10. Nxd7 Qxd7 11. dxc5 Bxc5 12. Nc3 Bb7 13. Nxd5 Bxd5 14. Bxd5 Bb4+ 15. Bd2 1/2-1/2

[Event "CZE-chT1W 1819"]
[Site "Czech Republic"]
[Date "2019.01.06"]
[Round "5.3"]
[White "Spacek, Petr"]
[Black "Vykouk, Jan"]
[Result "1/2-1/2"]
[WhiteElo "2366"]
[BlackElo "2418"]
[PlyCount "88"]
[EventDate "2018.10.21"]
[EventType "team-tourn"]
[EventRounds "11"]
[EventCountry "CZE"]
[SourceTitle "CBM 188 Extra"]
[Source "ChessBase"]
[SourceDate "2019.02.26"]
[SourceVersion "1"]
[SourceVersionDate "2019.02.26"]
[SourceQuality "1"]
[WhiteTeam "Lysa nad Labem III"]
[BlackTeam "Neratovice"]
[WhiteTeamCountry "CZE"]
[BlackTeamCountry "CZE"]

1. d4 e6 2. Nf3 Nf6 3. Bg5 c5 4. d5 exd5 5. e3 Be7 6. Nc3 Nc6 7. Nxd5 Nxd5 8. Qxd5 Nb4 9. Bxe7 Qxe7 10. Qd2 Qe4 11. 0-0-0 Nxa2+ 12. Kb1 Nb4 13. Qc3 0-0 14. Qxc5 d6 15. Qc4 Bf5 16. Nd4 a5 17. f3 Qe5 18. e4 Rfc8 19. Qb5 Be6 20. c3 Ba2+ 21. Ka1 Qe7 22. Be2 d5 23. exd5 Bxd5 24. Rhe1 Qf6 25. Qa4 g6 26. Bb5 Nc6 27. Bc4 Bxc4 28. Qxc4 a4 29. Nxc6 Rxc6 30. Qd4 Qg5 31. Re2 a3 32. b3 Qa5 33. b4 Qa4 34. Rde1 Rcc8 35. Ka2 Rd8 36. Qc4 Rac8 37. Qb3 Qc6 38. Rc2 b5 39. Re7 Qf6 40. Ra7 Rd3 41. Rxa3 Qe5 42. h3 Rc4 43. Kb2 Qf4 44. Ra5 Rd5 1/2-1/2

[Event "Regionalliga Sued-Ost 1819"]
[Site "Bayern"]
[Date "2018.11.25"]
[Round "3.1"]
[White "Zenker, Ulrich"]
[Black "Spacek, Petr"]
[Result "0-1"]
[WhiteElo "2115"]
[BlackElo "2361"]
[PlyCount "94"]
[EventDate "2018.10.21"]
[EventType "team-tourn"]
[EventRounds "9"]
[EventCountry "GER"]
[SourceTitle "EXT 2022"]
[Source "ChessBase"]
[SourceDate "2021.10.06"]
[SourceVersion "1"]
[SourceVersionDate "2021.10.06"]
[SourceQuality "1"]
[WhiteTeam "Ebersberg Grafing"]
[BlackTeam "Bayerwald Regen/Zwiesel"]
[WhiteTeamCountry "GER"]
[BlackTeamCountry "GER"]

1. e4 e5 2. Nf3 Nc6 3. Bb5 a6 4. Bxc6 dxc6 5. Nc3 f6 6. d3 Bd6 7. Be3 Ne7 8. Qe2 Be6 9. d4 Ng6 10. 0-0-0 Qe7 11. Kb1 Bb4 12. Na4 b5 13. Nc5 Bxc5 14. dxc5 0-0 15. Ne1 Rfd8 16. Nd3 a5 17. g3 Nf8 18. b3 Bf7 19. f3 Ne6 20. Qf2 Rd7 21. h4 Rad8 22. g4 Nd4 23. h5 a4 24. Bxd4 Rxd4 25. Kb2 Bc4 26. bxc4 bxc4 27. Qe2 cxd3 28. cxd3 Qxc5 29. Ka1 a3 30. Rc1 Qb5 31. Qc2 Rxd3 32. Rb1 Qa6 33. h6 gxh6 34. Rxh6 Rxf3 35. g5 Qd3 36. Qxd3 Rdxd3 37. gxf6 Kf7 38. Rxh7+ Kxf6 39. Rh6+ Kg5 40. Rxc6 Rc3 41. Re6 Kf4 42. Re1 Rfe3 43. Rf1+ Kxe4 44. Kb1 Re2 45. Ra6 Ke3 46. Rh1 Kd2 47. Rg6 Re1+ 0-1

[Event "Regionalliga Sued-Ost 1819"]
[Site "Bayern"]
[Date "2018.11.11"]
[Round "2.1"]
[White "Spacek, Petr"]
[Black "Michaelis, Martin"]
[Result "1/2-1/2"]
[WhiteElo "2361"]
[BlackElo "2298"]
[PlyCount "41"]
[EventDate "2018.10.21"]
[EventType "team-tourn"]
[EventRounds "9"]
[EventCountry "GER"]
[SourceTitle "EXT 2022"]
[Source "ChessBase"]
[SourceDate "2021.10.06"]
[SourceVersion "1"]
[SourceVersionDate "2021.10.06"]
[SourceQuality "1"]
[WhiteTeam "Bayerwald Regen/Zwiesel"]
[BlackTeam "Ingolstadt"]
[WhiteTeamCountry "GER"]
[BlackTeamCountry "GER"]

1. d4 Nf6 2. Nf3 e6 3. c4 d5 4. Nc3 Be7 5. Bg5 h6 6. Bxf6 Bxf6 7. e3 0-0 8. Rc1 c6 9. Bd3 dxc4 10. Bxc4 Nd7 11. 0-0 e5 12. h3 exd4 13. exd4 Nb6 14. Bb3 Bf5 15. Re1 Re8 16. Rxe8+ Qxe8 17. Qd2 Qd7 18. Re1 Re8 19. Rxe8+ Qxe8 20. Qf4 Qd7 21. Ne4 1/2-1/2

[Event "CZE-chT 1718"]
[Site "Czech Republic"]
[Date "2018.04.08"]
[Round "11.4"]
[White "Babula, Vlastimil"]
[Black "Spacek, Petr"]
[Result "1-0"]
[WhiteElo "2548"]
[BlackElo "2378"]
[PlyCount "70"]
[EventDate "2017.11.18"]
[EventType "team-tourn"]
[EventRounds "11"]
[EventCountry "CZE"]
[SourceTitle "EXT 2019"]
[Source "ChessBase"]
[SourceDate "2018.10.10"]
[SourceVersion "1"]
[SourceVersionDate "2018.10.10"]
[SourceQuality "1"]
[WhiteTeam "Novoborsky"]
[BlackTeam "Lysa nad Labem II"]
[WhiteTeamCountry "CZE"]
[BlackTeamCountry "CZE"]

1. d4 d5 2. c4 c5 3. Nf3 Nf6 4. cxd5 cxd4 5. Qxd4 Qxd5 6. Nc3 Qxd4 7. Nxd4 a6 8. g3 e5 9. Nb3 Bd7 10. Bg2 Bc6 11. 0-0 Bb4 12. Rd1 0-0 13. Nd5 Nxd5 14. Bxd5 Bxd5 15. Rxd5 Nc6 16. a3 Be7 17. e4 Rfd8 18. Be3 Kf8 19. Bb6 Rxd5 20. exd5 Nb8 21. Nc5 Bxc5 22. Bxc5+ Ke8 23. Bd6 Nd7 24. Rc1 f6 25. Rc7 b6 26. b4 e4 27. a4 f5 28. h4 a5 29. b5 Kd8 30. Rc6 Ra7 31. Bf4 h6 32. Kg2 Rb7 33. Be3 Ke7 34. Bd4 Nc5 35. Rxb6 e3 1-0

[Event "CZE-chT 1718"]
[Site "Czech Republic"]
[Date "2018.02.10"]
[Round "7.5"]
[White "Spacek, Petr"]
[Black "Hollan, Martin"]
[Result "1/2-1/2"]
[WhiteElo "2378"]
[BlackElo "2163"]
[PlyCount "94"]
[EventDate "2017.11.18"]
[EventType "team-tourn"]
[EventRounds "11"]
[EventCountry "CZE"]
[SourceTitle "EXT 2019"]
[Source "ChessBase"]
[SourceDate "2018.10.10"]
[SourceVersion "1"]
[SourceVersionDate "2018.10.10"]
[SourceQuality "1"]
[WhiteTeam "Lysa nad Labem II"]
[BlackTeam "Tatran Litovel"]
[WhiteTeamCountry "CZE"]
[BlackTeamCountry "CZE"]

1. d4 Nf6 2. c4 e6 3. Nc3 Bb4 4. Bd2 b6 5. Nf3 0-0 6. e3 Bb7 7. Bd3 d5 8. 0-0 dxc4 9. Bxc4 Nbd7 10. Qe2 c5 11. a3 cxd4 12. axb4 Bxf3 13. gxf3 dxc3 14. Bxc3 Nd5 15. Bxd5 Qg5+ 16. Kh1 Qxd5 17. Rfd1 Qb7 18. Rd6 Rfe8 19. Rg1 e5 20. Qd1 Nf8 21. Qd5 Qxd5 22. Rxd5 f6 23. f4 exf4 24. Bxf6 Ng6 25. Bc3 Re7 26. Rg4 fxe3 27. fxe3 Rae8 28. Bd4 Ne5 29. Rg3 Nc4 30. Rdg5 g6 31. h4 Nd6 32. Rxg6+ hxg6 33. Rxg6+ Kh7 34. Rxd6 Re4 35. Rd7+ Kh6 36. Kg2 R8e7 37. Kf3 Rxd7 38. Kxe4 Kh5 39. Kf5 Rd5+ 40. Ke6 Rb5 41. Bc3 Kxh4 42. e4 Rh5 43. Kf6 Kg4 44. Kg6 Rg5+ 45. Kf6 Rh5 46. Kg6 Rg5+ 47. Kf7 Rh5 1/2-1/2

[Event "CZE-chT 1718"]
[Site "Czech Republic"]
[Date "2017.12.03"]
[Round "4.6"]
[White "Spacek, Petr"]
[Black "Smirin, Ilia"]
[Result "0-1"]
[WhiteElo "2378"]
[BlackElo "2625"]
[PlyCount "80"]
[EventDate "2017.11.18"]
[EventType "team-tourn"]
[EventRounds "11"]
[EventCountry "CZE"]
[SourceTitle "CBM 181 Extra"]
[Source "ChessBase"]
[SourceDate "2017.12.12"]
[SourceVersion "1"]
[SourceVersionDate "2017.12.12"]
[SourceQuality "1"]
[WhiteTeam "Lysa nad Labem II"]
[BlackTeam "Pardubice"]
[WhiteTeamCountry "CZE"]
[BlackTeamCountry "CZE"]

1. d4 Nf6 2. c4 g6 3. Nc3 Bg7 4. e4 d6 5. Be2 0-0 6. Bg5 Na6 7. Nf3 h6 8. Bf4 e5 9. dxe5 Nh5 10. Be3 dxe5 11. g3 c6 12. Qd2 Kh7 13. 0-0 Qe7 14. Rfd1 Nf6 15. Qd6 Qxd6 16. Rxd6 Ng4 17. Bd2 Re8 18. Be1 Nc5 19. Rdd1 f5 20. Nd2 h5 21. Kg2 Ne6 22. Bd3 f4 23. h3 fxg3 24. Kxg3 Nh6 25. Nf3 g5 26. Bd2 Bf6 27. Ne2 Rg8 28. Bc3 g4 29. Nxe5 gxh3+ 30. Kf3 Ng5+ 31. Kf4 h2 32. f3 Nh3+ 33. Ke3 Rg2 34. Rh1 Bg5+ 35. f4 Bf6 36. Nf3 Bxc3 37. e5+ Bf5 38. Nxc3 Ng4+ 39. Kd4 Rd8+ 40. Nd5 Bxd3 0-1

[Event "CZE-chT 1718"]
[Site "Czech Republic"]
[Date "2017.12.02"]
[Round "3.5"]
[White "Cyborowski, Lukasz"]
[Black "Spacek, Petr"]
[Result "1/2-1/2"]
[WhiteElo "2517"]
[BlackElo "2378"]
[PlyCount "95"]
[EventDate "2017.11.18"]
[EventType "team-tourn"]
[EventRounds "11"]
[EventCountry "CZE"]
[SourceTitle "CBM 181 Extra"]
[Source "ChessBase"]
[SourceDate "2017.12.12"]
[SourceVersion "1"]
[SourceVersionDate "2017.12.12"]
[SourceQuality "1"]
[WhiteTeam "Turnov Zikuda"]
[BlackTeam "Lysa nad Labem II"]
[WhiteTeamCountry "CZE"]
[BlackTeamCountry "CZE"]

1. c4 e6 2. Nf3 d5 3. d4 Nf6 4. Nc3 Be7 5. Bf4 0-0 6. e3 Nbd7 7. c5 Ne4 8. Rc1 f5 9. h3 c6 10. Be2 b6 11. cxb6 axb6 12. 0-0 Ba6 13. Bxa6 Rxa6 14. a4 Qa8 15. b3 Qb7 16. Nxe4 fxe4 17. Ne5 Nxe5 18. Bxe5 Bf6 19. Bxf6 Rxf6 20. Qc2 b5 21. Ra1 Qa8 22. Ra2 Rf7 23. Rfa1 Rfa7 24. Qc5 Qf8 25. Qc3 h6 26. Rc1 Kh7 27. Rac2 bxa4 28. bxa4 Rxa4 29. Qxc6 R4a6 30. Qc8 Qxc8 31. Rxc8 Ra1 32. Rxa1 Rxa1+ 33. Kh2 Kg6 34. Rf8 h5 35. Kg3 Rg1 36. h4 Rf1 37. f3 exf3 38. gxf3 Rd1 39. Kf4 Rd3 40. Rh8 Ra3 41. Re8 Kf7 42. Rb8 Rd3 43. Rh8 Kg6 44. Rf8 Ra3 45. Rc8 Rd3 46. Ra8 Kf6 47. Rh8 Kg6 48. Rf8 1/2-1/2

[Event "CZE-chT1W 1718"]
[Site "Czech Republic"]
[Date "2017.10.29"]
[Round "1.4"]
[White "Spacek, Petr"]
[Black "Bernasek, Jan"]
[Result "1-0"]
[WhiteElo "2378"]
[BlackElo "2494"]
[PlyCount "67"]
[EventDate "2017.10.29"]
[EventType "team-tourn"]
[EventRounds "11"]
[EventCountry "CZE"]
[SourceTitle "CBM 181 Extra"]
[Source "ChessBase"]
[SourceDate "2017.12.12"]
[SourceVersion "1"]
[SourceVersionDate "2017.12.12"]
[SourceQuality "1"]
[WhiteTeam "Lysa nad Labem III"]
[BlackTeam "Unichess"]
[WhiteTeamCountry "CZE"]
[BlackTeamCountry "CZE"]

1. d4 Nf6 2. c4 e6 3. Nc3 Bb4 4. Bd2 b6 5. e4 Bxc3 6. Bxc3 Nxe4 7. Qg4 Nxc3 8. Qxg7 Rf8 9. bxc3 Qe7 10. Bd3 Bb7 11. Ne2 f5 12. Qxe7+ Kxe7 13. 0-0 Nc6 14. Nf4 Na5 15. Rfe1 Kf6 16. Re2 Rg8 17. g3 Ba6 18. c5 Bxd3 19. Nxd3 c6 20. Rb1 Rgb8 21. Ne5 Ke7 22. Reb2 Rb7 23. cxb6 Rxb6 24. Rxb6 axb6 25. Rxb6 Kd6 26. Rb4 Rc8 27. Ra4 Nb7 28. Ra7 Rb8 29. a4 c5 30. a5 cxd4 31. cxd4 Nc5 32. f4 Rb1+ 33. Kg2 Rb2+ 34. Kh3 1-0

[Event "CZE-chT 1617"]
[Site "Czech Republic"]
[Date "2017.01.28"]
[Round "5.3"]
[White "Spacek, Petr"]
[Black "Rydl, Jiri"]
[Result "1-0"]
[WhiteElo "2371"]
[BlackElo "2394"]
[PlyCount "95"]
[EventDate "2016.10.08"]
[EventType "team-tourn"]
[EventRounds "11"]
[EventCountry "CZE"]
[SourceTitle "CBM 177 Extra"]
[Source "ChessBase"]
[SourceDate "2017.04.27"]
[SourceVersion "1"]
[SourceVersionDate "2017.04.27"]
[SourceQuality "1"]
[WhiteTeam "Lysa nad Labem II"]
[BlackTeam "Jicin"]
[WhiteTeamCountry "CZE"]
[BlackTeamCountry "CZE"]

1. d4 e6 2. Nf3 Nf6 3. e3 b6 4. Bd3 Bb7 5. 0-0 Be7 6. c4 0-0 7. Nc3 d5 8. Qe2 Ne4 9. Rd1 f5 10. cxd5 exd5 11. Ne5 Nd7 12. f3 Nxc3 13. bxc3 Nxe5 14. dxe5 Bc5 15. f4 Qh4 16. g3 Qe7 17. Bb2 Rad8 18. Kf2 Kh8 19. h4 Qe6 20. a4 a5 21. Ba3 Bxa3 22. Rxa3 Qc6 23. Bb5 Qc5 24. Qb2 Rf7 25. Bf1 Bc8 26. Rb3 Be6 27. Qa3 Qxa3 28. Rxa3 Kg8 29. Bb5 Kf8 30. Bc6 Ke7 31. Raa1 h6 32. Rd4 Rff8 33. Rad1 Rh8 34. Bxd5 Bxd5 35. Rxd5 Rxd5 36. Rxd5 g5 37. c4 gxh4 38. gxh4 Rg8 39. h5 Rg4 40. Rd1 Rh4 41. Rg1 Rxh5 42. Rg7+ Kd8 43. e4 Rh2+ 44. Ke3 Rh3+ 45. Kd4 c5+ 46. Kd5 Rd3+ 47. Ke6 fxe4 48. f5 1-0

[Event "CZE-chT 1617"]
[Site "Czech Republic"]
[Date "2016.12.12"]
[Round "9.4"]
[White "Spacek, Petr"]
[Black "Krejci, Jan1111"]
[Result "0-1"]
[WhiteElo "2371"]
[BlackElo "2490"]
[PlyCount "126"]
[EventDate "2016.10.08"]
[EventType "team-tourn"]
[EventRounds "11"]
[EventCountry "CZE"]
[SourceTitle "CBM 177 Extra"]
[Source "ChessBase"]
[SourceDate "2017.04.27"]
[SourceVersion "1"]
[SourceVersionDate "2017.04.27"]
[SourceQuality "1"]
[WhiteTeam "Lysa nad Labem II"]
[BlackTeam "Lysa nad Labem"]
[WhiteTeamCountry "CZE"]
[BlackTeamCountry "CZE"]

1. d4 Nf6 2. Nf3 e6 3. Bg5 d5 4. e3 c5 5. c3 Nbd7 6. Nbd2 Be7 7. Bd3 h6 8. Bh4 b6 9. Ne5 Nxe5 10. dxe5 Nd7 11. Bxe7 Qxe7 12. f4 Bb7 13. Nf3 0-0-0 14. a4 a5 15. Bb5 g5 16. Qe2 Rhg8 17. 0-0-0 g4 18. Ne1 c4 19. Nc2 Nc5 20. Nd4 f6 21. exf6 Qxf6 22. Rhf1 Rdf8 23. Kb1 h5 24. Ka2 Kb8 25. Rc1 Rf7 26. Rb1 Ka7 27. Rbd1 Qg6 28. Qc2 Qxc2 29. Nxc2 Rgf8 30. Nd4 Rf6 31. Rg1 Kb8 32. Ne2 Kc7 33. Ka3 Bc8 34. h3 Rg6 35. h4 g3 36. Nd4 Ne4 37. Nf3 Rg4 38. Ne5 Rg7 39. Rde1 Nc5 40. Rd1 Bd7 41. Bxd7 Nxd7 42. Nf3 Nc5 43. Ne5 Ne4 44. Rde1 Kd6 45. Rd1 Ke7 46. Rge1 Kf6 47. Re2 Rb7 48. Rd4 Kf5 49. Rd1 b5 50. Nc6 bxa4 51. Nd4+ Kf6 52. Kxa4 Rxb2 53. Rc1 Rfb8 54. Rec2 Nc5+ 55. Ka3 Nd3 56. Rxb2 Rxb2 57. Rg1 Rf2 58. Rb1 Rxg2 59. Rb6 Nc5 60. f5 Rf2 61. fxe6 g2 62. e7+ Kxe7 63. Rg6 Kf7 0-1